000 00645cam a22002293a 4500
001 15574
003 PGUSA
005 20140828083331.0
008 050406s2005||||xxu|||||s|||||000 1 eng d
040 _aPGUSA
_beng
042 _adc
050 4 _aPQ
100 1 _aDumas, Alexandre,
_d1802-1870
245 1 0 _aLe capitaine Paul
_h[electronic resource] /
_cAlexandre Dumas
260 _bProject Gutenberg,
_c2005
506 _aPublic domain in the USA.
516 _aElectronic text
653 _aJones, John Paul, 1747-1792 -- Fiction
830 0 _aProject Gutenberg
_v15574
856 4 0 _uhttp://www.gutenberg.org/ebooks/15574
942 _cEB
999 _c244829
_d244829